000 00462nam a2200181Ia 4500
005 20240823020454.0
008 240823s9999||||xx |||||||||||||| ||und||
041 _aENGLISH
082 _A658.3 P4
100 _aPaul Hauck
245 0 _aImprove Your Personality by Keeping up Spirits 4
250 _a1st
260 _c2004
_b"Competition Review,New "
500 _aTRANSFERED
650 _aPersonality
_bManagement Studies
942 _cBK
999 _c174830
_d174830